Stephen King Novels Quiz Stats

 Plays Quiz Updated Jun 16, 2019

Score 0/59 Timer 10:00
7 Plays Today
Year Novel Title % Correct
1974Carrie
87.8%
1986It
86.1%
1977The Shining
83.1%
1981Cujo
78.1%
1978The Stand
75.7%
1983Christine
68.7%
1987Misery
68.7%
1975'Salem's Lot
66.8%
1996The Green Mile
63.4%
1982The Dark Tower: The Gunslinger
62.8%
1983Pet Sematary
59.6%
2004The Dark Tower VII: The Dark Tower
58.9%
1988The Tommyknockers
55.5%
1980Firestarter
54%
1987The Dark Tower II: The Drawing of the Three
53.7%
2006Cell
52%
1984Thinner
51.1%
2013Doctor Sleep
51%
2003The Dark Tower V: Wolves of the Calla
50.7%
1997The Dark Tower IV: Wizard and Glass
50%
1990Needful Things
50%
1991The Dark Tower III: The Waste Lands
50%
2014Mr. Mercedes
49.5%
201111/22/63
49.3%
2004The Dark Tower VI: Song of Susannah
48.1%
1979The Dead Zone
47.8%
2018The Outsider
47.5%
1982The Running Man
45.8%
1996Desperation
44.1%
2001Dreamcatcher
43.7%
Year Novel Title % Correct
1992Gerald's Game
43.5%
1993Dolores Claiborne
43.5%
1994Insomnia
42.6%
1999The Girl Who Loved Tom Gordon
42.5%
1998Bag of Bones
41.9%
1979The Long Walk
41.5%
1995Rose Madder
41.5%
1988The Dark Half
41.1%
2013Joyland
40.2%
2014Revival
39.7%
2015Finders Keepers
39.3%
2009Under the Dome
39.1%
2016End of Watch
38.9%
1984The Talisman
38%
2008Duma Key
37.7%
2017Sleeping Beauties
37.1%
1987The Eyes of the Dragon
36.8%
2002From a Buick 8
36.6%
1999Hearts in Atlantis
36.3%
1977Rage
35.4%
2006Lisey's Story
34.7%
1985Skeleton Crew
33.7%
1996The Regulators
32.2%
2012The Dark Tower: The Wind Through The Keyhole
31.7%
2001Black House
31.7%
1981Roadwork
26.5%
2007Blaze
25.5%
1983Cycle of the Werewolf
25.4%
2005The Colorado Kid
22.3%

You're not logged in!

Compare scores with friends on all Sporcle quizzes.
OR
Log In

Sporcle TV

Today on Sporcle TV


Watch our educational content, quiz creation guides, and fun videos on Sporcle TV.

Show Comments

Extras

Top Quizzes Today


Score Distribution

Your Account Isn't Verified!

In order to create a playlist on Sporcle, you need to verify the email address you used during registration. Go to your Sporcle Settings to finish the process.

Report this User

Report this user for behavior that violates our Community Guidelines.

Details: